Моделирование качества в материаловедении с применением современных инновационных подходов: учебно-методический комплекс

Bibliographic Details
Main Author: Дубровский П. В.
Corporate Author: Ульяновский государственный университет
Other Authors: Правдина Н. В.
Summary:Учебно-методический комплекс содержит теоретический материал, рекомендации по проведению семинарских занятий, контрольные вопросы и задания, а также методические указания по применению технологий дистанционного обучения. В теоретической части рассмотрены вопросы моделирования качественных характеристик материалов с учетом современных инновационных подходов. Предназначен для оказания помощи слушателям системы дополнительного образования по программам подготовки специалистов в области коммерциализации наукоемких продуктов и технологий.
Language:Russian
Published: Ульяновск, УлГУ, 2006
Subjects:
Format: MixedMaterials Book
KOHA link:https://koha.lib.tpu.ru/cgi-bin/koha/opac-detail.pl?biblionumber=122862

MARC

LEADER 00000nam0a2200000 4500
001 122862
005 20231101215754.0
035 |a (RuTPU)RU\TPU\book\133007 
090 |a 122862 
100 |a 20071009d2006 m y0rusy50 ca 
101 0 |a rus 
102 |a RU 
105 |a a j 001zy 
200 1 |a Моделирование качества в материаловедении с применением современных инновационных подходов  |e учебно-методический комплекс  |f П. В. Дубровский, Н. В. Правдина  |g Ульяновский государственный университет 
210 |a Ульяновск  |c УлГУ  |d 2006 
215 |a 78 с.  |c ил. 
320 |a Библиография в конце разделов. 
330 |a Учебно-методический комплекс содержит теоретический материал, рекомендации по проведению семинарских занятий, контрольные вопросы и задания, а также методические указания по применению технологий дистанционного обучения. В теоретической части рассмотрены вопросы моделирования качественных характеристик материалов с учетом современных инновационных подходов. Предназначен для оказания помощи слушателям системы дополнительного образования по программам подготовки специалистов в области коммерциализации наукоемких продуктов и технологий. 
610 1 |a материаловедение 
610 1 |a материалы 
610 1 |a качество 
610 1 |a нормирование 
610 1 |a измерения 
610 1 |a обработка 
610 1 |a результаты 
610 1 |a методологическое обеспечение 
610 1 |a теория 
610 1 |a семинарские занятия 
610 1 |a контрольные вопросы 
610 1 |a задания 
610 1 |a учебные пособия 
675 |a 620.22(07)  |v 3 
700 1 |a Дубровский  |b П. В. 
701 1 |a Правдина  |b Н. В. 
712 0 2 |a Ульяновский государственный университет  |2 stltpush  |3 (RuTPU)RU\TPU\col\10831  |9 24937 
801 1 |a RU  |b 63413507  |c 20071009  |g PSBO 
801 2 |a RU  |b 63413507  |c 20100819  |g PSBO 
942 |c BK